[Event "December Blitz"]
[Site "SchemingMind.com"]
[Date "2014.11.29"]
[Round "-"]
[White "Stephen Woodhouse"]
[Black "Ramesh Panwar"]
[Result "0-1"]
[WhiteCountry "ENG"]
[BlackCountry "IND"]
[WhiteElo "1835"]
[WhiteRD "49"]
[BlackElo "2207"]
[BlackRD "52"]
[GameID "369707"]

1. e4 e5 2. Nf3 Nc6 3. d4 exd4 4. Nxd4 Bc5 5. Be3 Qf6 6. c3 Nge7 7. Bc4 d6 8. O-O O-O 9. Nxc6 Nxc6 10. Bxc5 dxc5
11. f4 Be6 12. e5 Qh6 13. Bxe6 fxe6 14. g3 Rad8 15. Qe2 g5 16. Na3 gxf4 17. Qg4+ Kh8 18. Rxf4 Nxe5 19. Rxf8+ Qxf8 20. Qxe6 Nf3+
21. Kh1 Rd2
0-1

[Event "December Blitz"]
[Site "SchemingMind.com"]
[Date "2014.11.29"]
[Round "-"]
[White "Ramesh Panwar"]
[Black "Stephen Woodhouse"]
[Result "1-0"]
[WhiteCountry "IND"]
[BlackCountry "ENG"]
[WhiteElo "2207"]
[WhiteRD "52"]
[BlackElo "1835"]
[BlackRD "49"]
[GameID "369708"]

1. g3 f5 2. d4 Nf6 3. Bg2 e6 4. Nf3 d5 5. O-O c6 6. c4 Bd6 7. Bf4 Bxf4 8. gxf4 O-O 9. Nbd2 Bd7 10. Qb3 b5
11. c5 a5 12. Ne5 Be8 13. Qh3 Nfd7 14. Nd3 Nf6 15. Qe3 Bf7 16. Nf3 Nbd7 17. a3 Qe7 18. Nfe5 Nxe5 19. fxe5 Ne4 20. f3 Ng5
21. h4 Nxf3+ 22. Rxf3 Qxh4 23. Rg3 h6 24. Rh3 Qe7 25. Kf2 Bg6 26. Nf4 Bf7 27. Qg3 Kh7 28. Bf3 g5 29. Rah1
1-0

[Event "December Blitz"]
[Site "SchemingMind.com"]
[Date "2014.11.29"]
[Round "-"]
[White "Stephen Woodhouse"]
[Black "David Perna-Fraser"]
[Result "0-1"]
[WhiteCountry "ENG"]
[BlackCountry "CAN"]
[WhiteElo "1856"]
[WhiteRD "50"]
[BlackElo "2215"]
[BlackRD "55"]
[GameID "369724"]

1. e4 e5 2. Nf3 Nf6 3. Nxe5 d6 4. Nf3 Nxe4 5. d4 d5 6. Bd3 Nc6 7. O-O Be7 8. Re1 Bg4 9. c3 f5 10. Qb3 O-O
11. Nbd2 Na5 12. Qa4 c5 13. Ne5 Bh5 14. f3 cxd4 15. cxd4 Be8 16. Qd1 Qb6 17. fxe4 Qxd4+ 18. Kh1 Qxe5 19. exf5 Qc7 20. Nb3 Nxb3
21. Qxb3 Bf7 22. Bd2 Bf6 23. Rac1 Qd7 24. Bb1 d4 25. Qd3 Rac8 26. Kg1 b5 27. Bb4= Rxc1 28. Rxc1 Re8 29. b3 Re3 30. Qc2 d3
31. Qc8+ Be8 32. Qc5 Re7 33. Bc3 Bxc3 34. Qxc3 d2 35. Rd1 Re1+ 36. Rxe1 Qd4+
0-1

[Event "December Blitz"]
[Site "SchemingMind.com"]
[Date "2014.11.29"]
[Round "-"]
[White "David Perna-Fraser"]
[Black "Stephen Woodhouse"]
[Result "1-0"]
[WhiteCountry "CAN"]
[BlackCountry "ENG"]
[WhiteElo "2215"]
[WhiteRD "55"]
[BlackElo "1856"]
[BlackRD "50"]
[GameID "369725"]

1. Nf3 e6 2. g3 f5 3. Bg2 Nf6 4. O-O d5 5. c4 c6 6. d4 Bd6 7. Bf4 Bxf4 8. gxf4 O-O 9. Nc3 Nbd7 10. Ne5 Nxe5
11. fxe5 Ne4 12. Rc1 Nxc3 13. Rxc3 Bd7 14. Qb3 b5 15. cxd5 cxd5 16. Rfc1 Qb6 17. Qb4 Rac8 18. Qe7 Qd8 19. Qd6 Rxc3 20. Rxc3 Bc8
21. Qb8 Qa5 22. Rxc8
1-0

[Event "December Blitz"]
[Site "SchemingMind.com"]
[Date "2014.11.29"]
[Round "-"]
[White "David Perna-Fraser"]
[Black "Ramesh Panwar"]
[Result "1/2-1/2"]
[WhiteCountry "CAN"]
[BlackCountry "IND"]
[WhiteElo "2215"]
[WhiteRD "55"]
[BlackElo "2279"]
[BlackRD "51"]
[GameID "369726"]

1. e4 e5 2. Nf3 Nc6 3. Bb5 a6 4. Ba4 Nf6 5. O-O Be7 6. Re1 b5 7. Bb3 d6 8. c3 O-O 9. h3 Bb7 10. d4 Nd7
11. Bc2 exd4 12. cxd4 Nb4 13. Bb3 c5 14. a3 Nc6 15. Bd5 Nb6 16. Nc3 Re8 17. Bf4 Bf6 18. dxc5 dxc5 19. e5 Nxd5 20. Qxd5 Qxd5
21. Nxd5 Bd8 22. Rad1 Na5 23. Ne3 Bc6 24. Nd2 Nb7 25. Nb3 Bb6 26. Nf5 c4 27. Nbd4 Bd7 28. Re2 Rad8 29. Nd6 Nxd6 30. exd6 Rxe2
31. Nxe2 f6 32. Nd4 Kf7 33. Be3 Rc8 34. Nc2 Bxe3 35. Nxe3 a5 36. Nd5 Rc6 37. Nc7 b4 38. axb4 axb4 39. Rd2 c3 40. bxc3 bxc3
41. Rc2 Rc5 42. Kf1 Bc6 43. h4 Rc4 44. Ke2 Bxg2 45. Kd3 Rc6 46. Rxc3 Rxd6+ 47. Ke3 Rc6 48. Rxc6 Bxc6 49. Kf4 Ke7 50. Na6 Kd6
51. Nb4 g6 52. Nc2 Bd7 53. Ne3 Ke6 54. Nf1 h6 55. Ng3 g5+ 56. hxg5 hxg5+ 57. Ke3 f5 58. f4 g4 59. Nh5 Bc6 60. Ng3 Ba4
61. Nh5 Bb5 62. Ng3 Bc4 63. Nh5 Kd6 64. Ng3 Be6 65. Kd4 Bc8 66. Nh5 Bd7 67. Ng3 Be6 68. Nh5 Bf7 69. Ng3 Ke6 70. Ne2 Be8
71. Ng3 Ba4 72. Nh5= Kd6 73. Ng3 Bd7=
1/2-1/2

[Event "December Blitz"]
[Site "SchemingMind.com"]
[Date "2014.11.29"]
[Round "-"]
[White "Ramesh Panwar"]
[Black "David Perna-Fraser"]
[Result "1/2-1/2"]
[WhiteCountry "IND"]
[BlackCountry "CAN"]
[WhiteElo "2279"]
[WhiteRD "51"]
[BlackElo "2215"]
[BlackRD "55"]
[GameID "369727"]

1. g3 e5 2. Bg2 d5 3. d3 Nf6 4. Nf3 Nc6 5. O-O Be7 6. c4 O-O 7. cxd5 Nxd5 8. Nc3 Be6 9. d4 Nxc3 10. bxc3 e4
11. Ne1 f5 12. f3 exf3 13. exf3 Bf6 14. Nc2 Ne7 15. Re1 Qd7 16. f4 Nd5 17. Qd3 c6 18. a4 Rfe8 19. Bd2 Bf7 20. a5 Rxe1+
21. Bxe1 Re8 22. Bd2 c5 23. c4 Ne7 24. Rb1 Nc6 25. d5 Nd4 26. Bf3 Nxf3+ 27. Qxf3 Re4 28. Qb3 Re2 29. Be3 Qe8 30. Re1 Rxe1+
31. Nxe1 Bh5 32. Kf2 Qe4 33. Qxb7 Qxc4 34. Kg1 Bg4 35. h4 Qe2 36. Qc8+ Kf7 37. Qe6+ Kg6 38. Bxc5 Qxe6 39. dxe6 Bc3 40. Nc2 Bxa5
41. Bxa7 Kf6 42. Nd4 Bc3 43. Bc5 Bxd4+ 44. Bxd4+ Kxe6 45. Bxg7 h5=
1/2-1/2

[Event "December Blitz"]
[Site "SchemingMind.com"]
[Date "2014.11.30"]
[Round "-"]
[White "Stephen Woodhouse"]
[Black "gabeeg"]
[Result "0-1"]
[WhiteCountry "ENG"]
[BlackCountry "USA"]
[WhiteElo "1856"]
[WhiteRD "50"]
[BlackElo "2059"]
[BlackRD "86"]
[GameID "369751"]

1. e4 d6 2. d4 Nf6 3. Nc3 g6 4. f4 Bg7 5. Nf3 O-O 6. Bd3 Na6 7. O-O c6 8. a3 Nc7 9. Qe1 Bg4 10. f5 Nd7
11. Be3 e5 12. dxe5 dxe5 13. h3 Bxf3 14. Rxf3 Qe7 15. Qd2 b5 16. Raf1 a5 17. Bh6 Bxh6 18. Qxh6 Kh8 19. Kh1 Rg8 20. fxg6 Rxg6
21. Qd2 f6 22. Qf2 Ne6 23. Ne2 Rag8 24. g4 Ng5 25. Re3 Rh6 26. Kg2 Nc5 27. Rh1 Nce6 28. a4 Qb4 29. axb5 cxb5 30. c3 Qxb2
31. Rb1 Qa2 32. Rxb5 a4 33. Rb4 a3 34. Bc4 Qc2 35. Bb3 Qd2 36. Ra4 Nc5 37. Rxa3 Ncxe4 38. Qg1 Nxh3 39. Qc1 Rxg4+ 40. Kf3 Nhg5+
41. Kxg4 Qd7+
0-1

[Event "December Blitz"]
[Site "SchemingMind.com"]
[Date "2014.11.30"]
[Round "-"]
[White "gabeeg"]
[Black "Stephen Woodhouse"]
[Result "1-0"]
[WhiteCountry "USA"]
[BlackCountry "ENG"]
[WhiteElo "2059"]
[WhiteRD "86"]
[BlackElo "1856"]
[BlackRD "50"]
[GameID "369752"]

1. Nf3 e6 2. c4 f5 3. g3 Nf6 4. Bg2 d5 5. O-O c6 6. d4 Bd6 7. Nc3 O-O 8. Qc2 Ne4 9. Rb1 Bd7 10. c5 Bc7
11. b4 a6 12. Ne5 Nxc3 13. Qxc3 Be8 14. a4 Nd7 15. Nd3 Bh5 16. Nf4 Bxf4 17. Bxf4 Bxe2 18. Rfe1 Bc4 19. Rxe6 Re8 20. Rbe1 Rxe6
21. Rxe6 a5 22. Qe1 Nf6 23. Re7 axb4 24. Bg5 b3 25. Bxf6 gxf6 26. Qe6+
1-0

[Event "December Blitz"]
[Site "SchemingMind.com"]
[Date "2014.11.30"]
[Round "-"]
[White "gabeeg"]
[Black "David Perna-Fraser"]
[Result "1/2-1/2"]
[WhiteCountry "USA"]
[BlackCountry "CAN"]
[WhiteElo "2059"]
[WhiteRD "86"]
[BlackElo "2215"]
[BlackRD "55"]
[GameID "369753"]

1. Nf3 f5 2. b3 Nf6 3. Bb2 e6 4. g3 Be7 5. Bg2 O-O 6. O-O d6 7. c4 e5 8. d3 Nc6 9. Nbd2 f4 10. d4 fxg3
11. hxg3 Ng4 12. d5 Nb4 13. Nh2 Nxh2 14. Kxh2 Qe8 15. Bc3 a5 16. a3 Na6 17. Bxa5 Qh5+ 18. Kg1 Bg4 19. Re1 b6 20. Bc3 Nc5
21. f3 Bd7 22. b4 Na4 23. Ne4 Nxc3 24. Nxc3 Qg6 25. Ne4 Bf5 26. Qd3 Bxe4 27. fxe4 Qh6 28. Rf1 Bg5 29. Rf3 Rxf3 30. Bxf3 Qh3
31. Bg2 Qh6 32. Bf3=
1/2-1/2

[Event "December Blitz"]
[Site "SchemingMind.com"]
[Date "2014.12.01"]
[Round "-"]
[White "David Perna-Fraser"]
[Black "gabeeg"]
[Result "1-0"]
[WhiteCountry "CAN"]
[BlackCountry "USA"]
[WhiteElo "2215"]
[WhiteRD "55"]
[BlackElo "2059"]
[BlackRD "86"]
[GameID "369754"]

1. e4 d6 2. d4 Nf6 3. Nc3 g6 4. f4 c6 5. Nf3 b5 6. Bd3 b4 7. Ne2 d5 8. e5 Nh5 9. Be3 e6 10. Qd2 Ba6
11. g4 Bxd3 12. Qxd3 Ng7 13. O-O-O Qa5 14. Kb1 Qa6 15. Qd2 Be7 16. Ng3 Nd7 17. f5 exf5 18. gxf5 Nxf5 19. Nxf5 gxf5 20. Bg5 Bxg5
21. Qxg5 h6 22. Qg7 O-O-O 23. Qxf7 Rdf8 24. Qe6 f4 25. Qd6 Re8 26. Nh4 Nf8 27. Nf5 Rh7 28. Qxb4 Qb6 29. Nd6+ Kd7 30. Qxb6 axb6
31. Nxe8 Kxe8 32. Rhg1 Ke7 33. Rd3 Ne6 34. Ra3
1-0

[Event "December Blitz"]
[Site "SchemingMind.com"]
[Date "2014.11.30"]
[Round "-"]
[White "gabeeg"]
[Black "Ramesh Panwar"]
[Result "0-1"]
[WhiteCountry "USA"]
[BlackCountry "IND"]
[WhiteElo "2059"]
[WhiteRD "86"]
[BlackElo "2279"]
[BlackRD "51"]
[GameID "369755"]

1. d4 Nf6 2. Nc3 d5 3. Bg5 Nbd7 4. e3 e6 5. Qd2 h6 6. Bf4 Bb4 7. a3 Ne4 8. Qc1 Bxc3+ 9. bxc3 e5 10. Bxe5 Nxe5
11. dxe5 O-O 12. Nf3 c5 13. c4 Qa5+ 14. c3 Nxc3 15. Nd2 d4 16. Bd3 Bg4 17. Qc2 Rae8 18. Nb3 Qc7 19. O-O Qxe5 20. Rfe1 Qd6
21. h3 Bh5 22. Qd2 Qb6 23. Qc2 Bg6 24. Bxg6 fxg6 25. f3 Qd6 26. Rac1 Re5 27. exd4 Rxe1+ 28. Rxe1 cxd4 29. Qd3 Rd8 30. c5 Qd5
31. Na5 b6 32. Re7 Qxc5 33. Qc4+ Nd5 34. Rxa7 d3+ 35. Qxc5 bxc5 36. Nc4 Nf4 37. Nd2 c4 38. Nxc4 d2 39. Ne3 Re8 40. Rd7 Rxe3
41. Rxd2 Rxa3 42. Kf2 g5 43. Kg3 Nh5+ 44. Kf2 Kf7 45. Rd5 Ra2+ 46. Kg1 Nf4 47. Rd7+ Kf6
0-1

[Event "December Blitz"]
[Site "SchemingMind.com"]
[Date "2014.11.30"]
[Round "-"]
[White "Ramesh Panwar"]
[Black "gabeeg"]
[Result "1-0"]
[WhiteCountry "IND"]
[BlackCountry "USA"]
[WhiteElo "2279"]
[WhiteRD "51"]
[BlackElo "2059"]
[BlackRD "86"]
[GameID "369756"]

1. c4 e5 2. Nc3 d6 3. e3 g6 4. Be2 Bg7 5. d4 exd4 6. exd4 Ne7 7. Nf3 O-O 8. O-O Nbc6 9. Re1 Re8 10. d5 Ne5
11. Nxe5 Bxe5 12. Bd2 Rb8 13. Qc1 c5 14. Bf4 Nf5 15. Bd3 a6 16. Bxe5 Rxe5 17. Rxe5 dxe5 18. Qd2 Kg7 19. Re1 Nd6 20. Qe3 f6
21. Qxc5 b6 22. Qa3 a5 23. b3 Ra8 24. g3 Bh3 25. Qc1 Rb8 26. Qe3 Nf7 27. f3 h5 28. f4 Qd6 29. Bc2 Re8 30. Qf2 Nh6
31. Nb5 Qb8 32. d6 Nf7 33. fxe5 Rxe5 34. Rxe5 Nxe5 35. Nc7 Bd7 36. Qe3 h4 37. gxh4 b5 38. cxb5 Bxb5 39. h5 Bd7 40. Bxg6 Qb4
41. Ne8+ Bxe8 42. Bxe8 Qxd6 43. h6+ Kh7 44. Bh5 Qa3 45. Qd2 a4 46. bxa4 Qxa4 47. Qf2 Kxh6 48. Qxf6+ Kxh5= 49. Qxe5+ Kh4 50. Qe2 Kg5
51. Kf2 Qh4+ 52. Kg2 Qa4 53. Qe5+ Kh4 54. Qg3+ Kh5 55. Qh3+ Kg5 56. Qe3+ Kf5 57. a3 Kf6 58. Kg3 Kg6 59. h4 Kf7 60. Qf4+
1-0

[Event "December Blitz"]
[Site "SchemingMind.com"]
[Date "2014.12.02"]
[Round "-"]
[White "David Carter"]
[Black "Stephen Woodhouse"]
[Result "1/2-1/2"]
[WhiteCountry "USA"]
[BlackCountry "ENG"]
[WhiteElo "2040"]
[WhiteRD "66"]
[BlackElo "1856"]
[BlackRD "50"]
[GameID "369909"]

1. d4 e6 2. e4 d5 3. Nc3 Nf6 4. Bg5 dxe4 5. Nxe4 Be7 6. Bxf6 Bxf6 7. Nf3 O-O 8. c3 b6 9. Bd3 Bb7 10. Qc2 Nd7
11. O-O-O Qe7 12. g4 g6 13. h4 c5 14. Kb1 Rac8 15. g5 Bg7 16. Qe2 cxd4 17. cxd4 Rfd8 18. Qe3 Qb4 19. Qf4 Bxe4 20. Bxe4 Nc5
21. Bc2 Na4 22. Bxa4 Qxa4 23. Rd2 Rd5= 24. Rhd1 Rcd8 25. b3 Qd7 26. Qg4 e5 27. Qxd7 R8xd7 28. dxe5 Rxd2 29. Rxd2 Rxd2 30. Nxd2 Bxe5
31. Kc2 f6= 32. gxf6 Bxf6 33. Nf3 Kf7 34. Kd3 Ke6 35. Ke4 Kd6 36. Ng5 Bxg5 37. hxg5 Ke6 38. a3 a6 39. b4 Kd6 40. a4 Ke6
41. f3=
1/2-1/2

[Event "December Blitz"]
[Site "SchemingMind.com"]
[Date "2014.12.02"]
[Round "-"]
[White "Stephen Woodhouse"]
[Black "David Carter"]
[Result "1/2-1/2"]
[WhiteCountry "ENG"]
[BlackCountry "USA"]
[WhiteElo "1856"]
[WhiteRD "50"]
[BlackElo "2040"]
[BlackRD "66"]
[GameID "369910"]

1. e4 e5 2. Nf3 Nc6 3. d4 exd4 4. Nxd4 Nf6 5. Nc3 Bb4 6. Nxc6 bxc6 7. Bd3 d5 8. exd5 cxd5 9. O-O O-O 10. Bg5 c6
11. Qf3 Be7 12. Rae1 Re8 13. h3 Be6 14. Ne2 c5 15. b3 Qd7 16. Nf4 c4 17. Nxe6 cxd3 18. Bxf6 Bxf6 19. Nc5 Qc7 20. Nxd3 Qxc2
21. Nb4 Qd2 22. Rxe8+ Rxe8 23. Nxd5 Bd4 24. Ne3 Bxe3 25. fxe3 Qxe3+ 26. Qxe3 Rxe3 27. Rc1 Kf8 28. Rc8+ Re8 29. Rxe8+ Kxe8 30. Kf2 Ke7
31. Ke3 f5 32. b4 g5 33. a4 a6 34. Kd4 Kd6 35. b5 axb5 36. axb5 g4 37. h4 f4 38. Ke4 f3 39. gxf3 g3 40. Ke3 Kc5
41. f4 Kxb5 42. Kf3 Kc6 43. Kxg3 Kd6 44. Kg4 Ke6 45. Kg5 Kf7 46. Kf5 Ke7 47. Ke5=
1/2-1/2

[Event "December Blitz"]
[Site "SchemingMind.com"]
[Date "2014.12.02"]
[Round "-"]
[White "David Carter"]
[Black "gabeeg"]
[Result "0-1"]
[WhiteCountry "USA"]
[BlackCountry "USA"]
[WhiteElo "2040"]
[WhiteRD "66"]
[BlackElo "2059"]
[BlackRD "86"]
[GameID "369911"]

1. d4 f5 2. c4 Nf6 3. g3 d6 4. Bg2 e5 5. dxe5 dxe5 6. Qxd8+ Kxd8 7. Nc3 c6 8. Nf3 e4 9. Nd4 Bc5 10. Nc2 Be6
11. b3 Na6 12. Bf4 Ke7 13. f3 exf3 14. exf3 Rad8 15. a3 Rd3 16. Bd2 Bf2+ 17. Ke2 Rhd8 18. Rhd1 Nc5 19. Rab1 Bg1 20. Ne1 R3d4
21. Be3 Bxe3 22. Kxe3 f4+ 23. gxf4 Rxd1 24. Nxd1 Bf5
0-1

[Event "December Blitz"]
[Site "SchemingMind.com"]
[Date "2014.12.02"]
[Round "-"]
[White "gabeeg"]
[Black "David Carter"]
[Result "1-0"]
[WhiteCountry "USA"]
[BlackCountry "USA"]
[WhiteElo "2059"]
[WhiteRD "86"]
[BlackElo "2040"]
[BlackRD "66"]
[GameID "369912"]

1. Nf3 d5 2. c4 c6 3. e3 Nf6 4. Nc3 Nbd7 5. Qc2 e6 6. b3 Bd6 7. Be2 O-O 8. d4 Qe7 9. O-O dxc4 10. bxc4 e5
11. Rd1 e4 12. Nd2 Re8 13. a4 c5 14. Nb3 cxd4 15. exd4 b6 16. a5 Bb7 17. a6 Bc8 18. Nb5 Bb8 19. d5 Qe5 20. d6 Nc5
21. Bb2 Qg5 22. Nxc5 bxc5 23. Ra3 Bf5 24. Rg3 Qh4 25. Qd2 Ng4 26. Bxg4 Bxg4 27. Re1 f5 28. Qd5+ Kf8 29. Qxc5 Kf7 30. Qd5+ Kf8
31. Qxa8 Bxd6 32. Qxa7 Re7 33. Qa8+ Re8 34. Bxg7+
1-0

[Event "December Blitz"]
[Site "SchemingMind.com"]
[Date "2014.12.02"]
[Round "-"]
[White "David Carter"]
[Black "David Perna-Fraser"]
[Result "0-1"]
[WhiteCountry "USA"]
[BlackCountry "CAN"]
[WhiteElo "2040"]
[WhiteRD "66"]
[BlackElo "2215"]
[BlackRD "55"]
[GameID "369913"]

1. d4 Nf6 2. c4 c5 3. d5 d6 4. Nc3 g6 5. e4 Bg7 6. h3 O-O 7. Nf3 e6 8. Bd3 exd5 9. cxd5 Re8 10. O-O c4
11. Bc2 b5 12. Nxb5 Nxe4 13. Bxe4 Rxe4 14. Nd2 Rh4 15. Re1 Bxh3 16. gxh3 Qd7 17. Qf3 Qxb5 18. Ne4 Qd7 19. Kg2 f5 20. Ng5 Na6
21. Ne6 Re8 22. Bg5 Rh5 23. h4 Bxb2 24. Rab1 c3 25. Bf6 f4 26. Bxc3 Bxc3 27. Qxc3 Rc8 28. Qh3 f3+ 29. Qxf3 Rxh4 30. Rb2 Nc5
31. Qf6 Rh5 32. Rbe2 Nd3 33. Rh1 Rxd5 34. Rh4 Rf5 35. Qd4 Ne5 36. Nf4 Rg5+
0-1

[Event "December Blitz"]
[Site "SchemingMind.com"]
[Date "2014.12.02"]
[Round "-"]
[White "David Perna-Fraser"]
[Black "David Carter"]
[Result "1/2-1/2"]
[WhiteCountry "CAN"]
[BlackCountry "USA"]
[WhiteElo "2215"]
[WhiteRD "55"]
[BlackElo "2040"]
[BlackRD "66"]
[GameID "369914"]

1. e4 e6 2. d4 d5 3. exd5 exd5 4. Nf3 Bd6 5. Bd3 Nc6 6. O-O Nge7 7. Re1 Nb4 8. c3 Nxd3 9. Qxd3 Bg4 10. Bg5 f6
11. Bh4 Qd7 12. Bg3 Bxg3 13. hxg3 O-O-O 14. Nbd2 h5 15. a4 g5 16. Nb3 Nf5 17. Nc5 Qf7 18. Nxb7= Kxb7 19. Qb5+ Kc8 20. Qa6+ Kd7=
1/2-1/2

[Event "December Blitz"]
[Site "SchemingMind.com"]
[Date "2014.12.02"]
[Round "-"]
[White "David Carter"]
[Black "Ramesh Panwar"]
[Result "0-1"]
[WhiteCountry "USA"]
[BlackCountry "IND"]
[WhiteElo "2040"]
[WhiteRD "66"]
[BlackElo "2279"]
[BlackRD "51"]
[GameID "369915"]

1. d4 d5 2. c4 e6 3. Nc3 Nf6 4. Bg5 Nbd7 5. e3 Be7 6. Nf3 O-O 7. Rc1 c6 8. Bd3 h6 9. Bh4 dxc4 10. Bxc4 b5
11. Bd3 Bb7 12. O-O a6 13. Qe2 c5 14. Rfd1 c4 15. Bb1 Rc8 16. a3 Nd5 17. Bxe7 Qxe7 18. e4 Nxc3 19. Rxc3 Rfd8 20. h4 Qd6
21. Qc2 Qf4 22. g3 Qg4 23. Qe2 Nf6 24. Re3 g5 25. hxg5 hxg5 26. d5 Qh5 27. d6 Ng4 28. Rc3 Rc6 29. Kg2 Rcxd6 30. Rh1 Qg6
31. e5 Rd3 32. Bxd3 cxd3
0-1

[Event "December Blitz"]
[Site "SchemingMind.com"]
[Date "2014.12.02"]
[Round "-"]
[White "Ramesh Panwar"]
[Black "David Carter"]
[Result "1-0"]
[WhiteCountry "IND"]
[BlackCountry "USA"]
[WhiteElo "2279"]
[WhiteRD "51"]
[BlackElo "2040"]
[BlackRD "66"]
[GameID "369916"]

1. e4 e6 2. d4 d5 3. Nc3 Bb4 4. e5 c5 5. a3 Bxc3+ 6. bxc3 Qc7 7. Qg4 f5 8. Qg3 cxd4 9. cxd4 Ne7 10. Ne2 O-O
11. c3 b6 12. h4 Ba6 13. h5 Rf7 14. h6 g6 15. Nf4 Bxf1 16. Kxf1 Qc6 17. Nh3 Nd7 18. Ng5 Rff8 19. a4 Rfe8 20. Kg1 Nf8
21. Nh3 Rac8 22. Qg5 Rc7 23. Ba3 Nc8 24. Kh2 Rf7 25. Rhc1 Qc4 26. Qh4 f4 27. Nxf4 Rf5 28. g3 Ne7 29. Bxe7
1-0

[Event "December Blitz"]
[Site "SchemingMind.com"]
[Date "2014.12.16"]
[Round "-"]
[White "BigDoggProblem"]
[Black "David Carter"]
[Result "0-1"]
[WhiteCountry "USA"]
[BlackCountry "USA"]
[WhiteElo "1824"]
[WhiteRD "62"]
[BlackElo "2040"]
[BlackRD "66"]
[GameID "371489"]

1. e4 e5 2. Nf3 Nc6 3. Bb5 a6 4. Ba4 Nf6 5. O-O Nxe4 6. Re1 Nc5 7. Bxc6 dxc6 8. Nxe5 Be7 9. d4 Ne6 10. Be3 O-O
11. Nc3 f6 12. Nf3 f5 13. Qe2 f4 14. Bd2 Bf6 15. Qe4 Nxd4 16. Nxd4 Qxd4 17. Bxf4 Qxe4 18. Rxe4 Bf5 19. Re2 Rfe8 20. Rae1 Kf7
21. Kf1 Rxe2 22. Rxe2 Re8 23. Be3 Bxc3 24. bxc3 Be6 25. a3 Bc4
0-1

[Event "December Blitz"]
[Site "SchemingMind.com"]
[Date "2014.12.16"]
[Round "-"]
[White "David Carter"]
[Black "BigDoggProblem"]
[Result "1-0"]
[WhiteCountry "USA"]
[BlackCountry "USA"]
[WhiteElo "2060"]
[WhiteRD "62"]
[BlackElo "1834"]
[BlackRD "62"]
[GameID "371490"]

1. d4 Nf6 2. c4 g6 3. Nc3 Bg7 4. e4 d6 5. f4 c5 6. Nf3 cxd4 7. Nxd4 Nc6 8. Be3 Ng4 9. Nxc6 bxc6 10. Bd4 e5
11. fxe5 Nxe5 12. Be2 Ba6 13. Qa4 Qc8 14. Nd5 Nd3+ 15. Bxd3 Bxd4 16. Qxa6 cxd5 17. Qb5+ Ke7 18. Qxd5 Bxb2 19. c5= Bc3+ 20. Kd1 Qxc5
21. Qb7+ Ke6 22. Rf1 f6 23. Qb3+ Ke5 24. Rc1 Rhc8 25. Rxc3 Qd4 26. Rxc8 Rxc8 27. Kd2 Rc6 28. Qb5+
1-0

[Event "December Blitz"]
[Site "SchemingMind.com"]
[Date "2014.12.16"]
[Round "-"]
[White "BigDoggProblem"]
[Black "Stephen Woodhouse"]
[Result "0-1"]
[WhiteCountry "USA"]
[BlackCountry "ENG"]
[WhiteElo "1824"]
[WhiteRD "62"]
[BlackElo "1856"]
[BlackRD "50"]
[GameID "371491"]

1. e4 e6 2. d4 d5 3. e5 c5 4. c3 Nc6 5. Nf3 Bd7 6. a3 f6 7. b4 fxe5 8. dxe5 Qc7 9. Bf4 Nh6 10. b5 Nd8
11. c4 d4 12. Bd3 Be7 13. O-O Ndf7 14. Nbd2 O-O-O 15. Be4 g5 16. Bg3 g4 17. b6 axb6 18. Ne1 Ng5 19. Bd3 Bc6 20. Rb1 Rdf8
21. Qb3 Nf5 22. Bxf5 Rxf5 23. Qxb6 h5 24. f4 gxf3 25. Nexf3 Nxf3+ 26. Nxf3 h4 27. Be1 h3 28. Qxc7+ Kxc7 29. Bg3 hxg2 30. Kxg2 Bh4
31. Rbe1 Bxg3 32. hxg3 Rhf8
0-1

[Event "December Blitz"]
[Site "SchemingMind.com"]
[Date "2014.12.16"]
[Round "-"]
[White "Stephen Woodhouse"]
[Black "BigDoggProblem"]
[Result "1-0"]
[WhiteCountry "ENG"]
[BlackCountry "USA"]
[WhiteElo "1856"]
[WhiteRD "50"]
[BlackElo "1824"]
[BlackRD "62"]
[GameID "371492"]

1. e4 d6 2. d4 Nf6 3. Nc3 g6 4. f4 Bg7 5. Nf3 c5 6. dxc5 Qa5 7. Qd4 dxc5 8. Qc4 O-O 9. e5 Ng4 10. h3 Nh6
11. Be3 b6 12. Qd5 Nf5 13. Bf2 Bd7 14. O-O-O Bc6 15. Qd2 Na6 16. Kb1 Rad8 17. Qe2 Rxd1+ 18. Qxd1 b5 19. g4 Rd8 20. Qe2 Nd4
21. Nxd4 Bxh1 22. Ndxb5 Nb4 23. Bxc5 Bd5 24. a3 Na6 25. Bxe7 Rd7 26. Bd6 Be6 27. Qe4 Qb6 28. Qa8+ Rd8 29. Qxa7 Qc6 30. Nd4 Qc8
31. Bxa6
1-0

[Event "December Blitz"]
[Site "SchemingMind.com"]
[Date "2014.12.16"]
[Round "-"]
[White "BigDoggProblem"]
[Black "gabeeg"]
[Result "0-1"]
[WhiteCountry "USA"]
[BlackCountry "USA"]
[WhiteElo "1834"]
[WhiteRD "62"]
[BlackElo "2111"]
[BlackRD "82"]
[GameID "371493"]

1. e4 d6 2. d4 Nf6 3. Nc3 g6 4. f4 Bg7 5. Nf3 O-O 6. Bd3 a6 7. h3 Nfd7 8. Be3 c5 9. d5 b5 10. O-O Nf6
11. a3 c4 12. Be2 Nbd7 13. e5 Nh5 14. e6 fxe6 15. Ng5 Ng3 16. Nxe6 Nxf1 17. Nxd8 Nxe3 18. Qd2 Nxc2 19. Qxc2 Rxd8 20. Qe4 Re8
21. Qe6+ Kh8 22. Qe3 Nc5 23. Qf3 Rf8 24. Re1 Bb7 25. Bf1 e5 26. g3 exf4 27. gxf4 Rf5 28. Re7 Bd4+ 29. Kh2 Raf8 30. Ne2 Bxd5
31. Qg4 Bxb2 32. Qh4 Bf7 33. Ng3 Bf6 34. Qg4 Bxe7 35. Nxf5 Be6
0-1

[Event "December Blitz"]
[Site "SchemingMind.com"]
[Date "2014.12.16"]
[Round "-"]
[White "gabeeg"]
[Black "BigDoggProblem"]
[Result "1-0"]
[WhiteCountry "USA"]
[BlackCountry "USA"]
[WhiteElo "2059"]
[WhiteRD "86"]
[BlackElo "1824"]
[BlackRD "62"]
[GameID "371494"]

1. Nf3 Nf6 2. c4 g6 3. Nc3 Bg7 4. e4 d6 5. d4 O-O 6. h3 c5 7. d5 Na6 8. Bd3 Nc7 9. Bg5 Rb8 10. O-O Bd7
11. e5 dxe5 12. Nxe5 Nfxd5 13. Nxd5 Nxd5 14. Nxd7 Qxd7 15. cxd5 Bxb2 16. Rb1 Bd4 17. Qe2 Qxd5 18. Bxe7 Rfe8 19. Bb5 Rec8 20. Rfe1 Rc7
21. Bc4 Qf5 22. Bd6
1-0

[Event "December Blitz"]
[Site "SchemingMind.com"]
[Date "2014.12.16"]
[Round "-"]
[White "BigDoggProblem"]
[Black "David Perna-Fraser"]
[Result "0-1"]
[WhiteCountry "USA"]
[BlackCountry "CAN"]
[WhiteElo "1834"]
[WhiteRD "62"]
[BlackElo "2253"]
[BlackRD "56"]
[GameID "371495"]

1. e4 e5 2. Nf3 Nf6 3. Nxe5 d6 4. Nf3 Nxe4 5. d4 d5 6. Bd3 Bd6 7. O-O O-O 8. c4 c6 9. Nc3 Nxc3 10. bxc3 dxc4
11. Bxc4 Bg4 12. Be2 Nd7 13. Bg5 Qc7 14. h3 Bh5 15. Qd2 Rfe8 16. Rfe1 h6 17. Be3 Nf6 18. Rab1 b5 19. a4 bxa4 20. Qa2 Ne4
21. Rec1 a3 22. c4 Rab8 23. Rxb8 Qxb8 24. c5 Qb2 25. Rc2 Qxa2 26. Rxa2 Nc3 27. Rc2 a2 28. Rxa2 Nxa2 29. cxd6 Nc3 30. Ba6 Bxf3
31. gxf3 Rd8 32. Bf4 f6 33. Bb7 Ne2+
0-1

[Event "December Blitz"]
[Site "SchemingMind.com"]
[Date "2014.12.16"]
[Round "-"]
[White "David Perna-Fraser"]
[Black "BigDoggProblem"]
[Result "1-0"]
[WhiteCountry "CAN"]
[BlackCountry "USA"]
[WhiteElo "2215"]
[WhiteRD "55"]
[BlackElo "1824"]
[BlackRD "62"]
[GameID "371496"]

1. e4 d6 2. d4 Nf6 3. Nc3 g6 4. f4 Bg7 5. Nf3 c5 6. e5 Nfd7 7. e6 fxe6 8. Ng5 Nf8 9. dxc5 Qa5 10. cxd6 Bxc3+
11. bxc3 exd6 12. Ne4 d5 13. Qd4 dxe4 14. Qxh8 Nc6 15. Be2 e5 16. O-O Qc5+ 17. Kh1 Qxc3 18. fxe5 Qc5 19. Bh6 Bf5 20. Bxf8
1-0